书目信息 |
| 题名: |
麦克阿瑟
|
|
| 作者: | 布莱尔 著 ;翟志海 译 | |
| 分册: | ||
| 出版信息: | 北京 战士出版社 1983 |
|
| 页数: | 391页 | |
| 开本: | 21cm | |
| 丛书名: | ||
| 单 册: | ||
| 中图分类: | K837.125.2 | |
| 科图分类: | ||
| 主题词: | 军事家--传记--美国 | |
| 电子资源: | ||
| ISBN: | ||
| 000 | 00683nam0 2200241 45 | |
| 001 | 0183012060 | |
| 005 | 20060410174512.25 | |
| 010 | @dCNY1.20 | |
| 091 | @a5185.20 | |
| 100 | @a19950615d1983 em y0chiy0121 ea | |
| 101 | 0 | @achi@ceng |
| 102 | @aCN@b110000 | |
| 105 | @ay z 000yy | |
| 200 | 10 | @a麦克阿瑟@Amai ke a se@f(美)小克莱·布莱尔著@F(mei)xiao ke lai·bu lai er zhu@g翟志海译 |
| 210 | @a北京@c战士出版社@d1983 | |
| 215 | @a391页@d21cm | |
| 606 | 0 | @a军事家@x传记@y美国 |
| 690 | @aK837.125.2@v4 | |
| 701 | 1 | @a布莱尔@Abu lai er@4著 |
| 702 | 0 | @a翟志海@Azhai zhi hai@4译 |
| 801 | 0 | @aCN@b上海图书馆@c20060410 |
| 801 | 2 | @aCN@bNLC@c20060330 |
| 905 | @dK837.125.2@e122 | |
| 麦克阿瑟/(美)小克莱·布莱尔著/翟志海译.-北京:战士出版社,1983 |
| 391页;21cm |
| ISBN :CNY1.20 |
| ● |
| 相关链接 |
|
|
|
|
正题名:麦克阿瑟
索取号:K837.125.2/122
 
预约/预借
| 序号 | 登录号 | 条形码 | 馆藏地/架位号 | 状态 | 备注 |
| 1 | 0145232 | 202234331 | 密集书库/ [索取号:K837.125.2/122] | 在馆 | |
| 2 | 0145233 | 001544476 | 密集书库/ [索取号:K837.125.2/122] | 在馆 | |
| 3 | 0145234 | 202230503 | 密集书库/ [索取号:K837.125.2/122] | 在馆 | |
| 4 | 0145235 | 001544430 | 密集书库/ [索取号:K837.125.2/122] | 在馆 | |
| 5 | 0145236 | 000060668 | 第二样本阅览室/ [索取号:K837.125.2/122] | 在馆 |